000 00815nam a22002177a 4500
005 20230223052645.0
008 230223b |||||||| |||| 00| 0 eng d
020 _a978-621-427-079-8
082 _aFil. 808.02 B171 2020
100 _aBalahadia, Francis F.
_eauthor
245 _aResearch project:
_bpractical guide for writing information technology education /
_cFrancis F. Balahadia, Marmelo V. Abante, John Edgar S. Anthony
260 _aManila:
_bUnlimited Books Library Services & Publishing,
_cc2020
300 _aviii, 216p.:
_bill.
504 _aIncludes bibliographical references
541 _e6906 c.1, 6907 c.2, 6908 c.3
650 _aReport writing
650 _aResearch
700 _aAbante, Marmelo V.
_eauthor
700 _aAbante, Marmelo V.
_eauthor
700 _aAnthony, John Edgar S.
_eauthor
999 _c1398
_d1398